Statistics for Who Said It?

Click here to take the quiz!

General Stats

  • This quiz has been taken 45 times
  • The average score is 8 of 15

Answer Stats

QuotePerson% Correct
"I have a Dream"Martin Luther King
100%
"D'oh!"Homer Simpson
83%
"I came, I saw, I conqueredJulius Caesar
81%
"That's one small step for man, one giant leap for mankind"Neil Armstrong
81%
"Hasta la vista, baby"Arnold Schwarzenegger
75%
"Ich bin ein Berliner"John F. Kennedy
72%
"Mr. Gorbachev, tear down this wall!"Ronald Reagan
72%
"I will be the greatest jobs president God ever created"Donald Trump
64%
"I pity the fool"Mr. T
53%
"Yes we can"Barack Obama
53%
"L'état c'est moi"Louis XIV
31%
"Wir schaffen das"Angela Merkel
17%
"You miss 100 percent of the shots you don't take"Wayne Gretzky
11%
"Football is a simple game. Twenty-two men chase a ball for 90 minutes and at the end, the Germans always win."Gary Lineker
8%
"We've dressed our best and are prepared to go down like gentlemen"Benjamin Guggenheim
6%

Score Distribution

Percentile by Number Answered

Percent of People with Each Score

Your Score History

You have not taken this quiz